000 00560nam a2200217Ia 4500
003 OSt
005 20220928140617.0
006 a|||||r|||| 00| 0
007 ta
008 220927b |||||||| |||| 00| 0 eng d
024 _a9927
037 _cTextual
040 _aSDCL
_cSDCL
_beng
041 _2eng
_aeng
082 _aX:77.1(X)'N9, N6
100 _aHandelman Howard
_9446810
245 0 _aChallenge of third world development
260 _c1996
942 _hX:77.1(X)'N9, N6
_cTEXL
_2CC
999 _c812523
_d812523